| 000 | 00465nam a22001817a 4500 | ||
|---|---|---|---|
| 003 | CEME | ||
| 005 | 20210628205018.0 | ||
| 008 | 210222b xxu||||| |||| 00| 0 eng d | ||
| 020 | _a0-201-48991-0 | ||
| 040 | _c. | ||
| 082 | _a004.01 FEY'F | ||
| 100 |
_aFeynman, Richard P _939883 |
||
| 245 | _aFeynman lecturtes on computation | ||
| 260 |
_aNEWYORK _bADDISON WEASLEY _c1996 |
||
| 300 | _a303P | ||
| 650 |
_aELECTRONIC DATA PROCESSING _94246 |
||
| 942 |
_cBK _2ddc |
||
| 999 |
_c579143 _d579143 |
||